Trends in wage share in the context of labour shortage: The case of tapping wage share in rubber smallholdings sector in Kerala (Record no. 71575)

MARC details
000 -LEADER
fixed length control field 00542nam a2200181Ia 4500
100 ## - MAIN ENTRY--AUTHOR NAME
Personal name Chandy B
245 #0 - TITLE STATEMENT
Title Trends in wage share in the context of labour shortage: The case of tapping wage share in rubber smallholdings sector in Kerala
260 ## - PUBLICATION, DISTRIBUTION, ETC. (IMPRINT)
Name of publisher Natural Rubber Research
Year of publication 2012
300 ## - PHYSICAL DESCRIPTION
Number of Pages 91-99
650 ## - SUBJECT ADDED ENTRY--TOPICAL TERM
Topical Term Farm income
650 ## - SUBJECT ADDED ENTRY--TOPICAL TERM
Topical Term Real values
650 ## - SUBJECT ADDED ENTRY--TOPICAL TERM
Topical Term Rubber smallholdings
650 ## - SUBJECT ADDED ENTRY--TOPICAL TERM
Topical Term Tapping labour
650 ## - SUBJECT ADDED ENTRY--TOPICAL TERM
Topical Term Wage share
700 ## - ADDED ENTRY--PERSONAL NAME
Personal name George K T
942 ## - ADDED ENTRY ELEMENTS (KOHA)
Koha item type Journals
Holdings
Withdrawn status Lost status Damaged status Not for loan Home library Current library Shelving location Date acquired Serial Enumeration / chronology Koha item type
      Journals RRII Library RRII Library Economics 13/03/2013 Volume 25, Issue 1 Journals